[Event "GER-ch U25-A"]
[Site "Willingen"]
[Date "2023.05.30"]
[Round "4"]
[White "Frohnhaeuser, Simon"]
[Black "Savchenko, Daniel"]
[Result "0-1"]
[WhiteElo "1901"]
[BlackElo "2104"]
[PlyCount "96"]
[EventDate "2023.05.27"]
[EventType "swiss"]
[EventRounds "9"]
[EventCountry "GER"]
[SourceTitle "CBM 214 Extra"]
[Source "ChessBase"]
[SourceDate "2023.07.31"]
[SourceVersion "1"]
[SourceVersionDate "2023.07.31"]
[SourceQuality "1"]

1. e4 c5 2. Nf3 e6 3. d4 cxd4 4. Nxd4 Nf6 5. Bd3 d6 6. Nc3 Be7 7. Qe2 a6 8. Bd2 0-0 9. 0-0 Nc6 10. Nb3 b5 11. a4 b4 12. Na2 a5 13. c3 bxc3 14. Nxc3 Bb7 15. Rac1 d5 16. exd5 Nxd5 17. Nxd5 Qxd5 18. Qe4 Qxe4 19. Bxe4 Nd4 20. Nxd4 Bxe4 21. Rfe1 Bd5 22. Bc3 Rfb8 23. Nb5 Bb3 24. Be5 Rc8 25. Nc3 Bb4 26. Re4 Bxa4 27. Ra1 Bc2 28. Rg4 Bg6 29. Nb5 f6 30. Bc3 Bd3 31. Nc7 Bxc3 32. Nxa8 Bxb2 33. Nb6 Rc6 34. Rd1 Be2 35. Rd8+ Kf7 36. Rd7+ Ke8 37. f3 f5 38. Rd2 Rxb6 39. Ra4 Ba6 40. Rc2 Bf6 41. h4 Rb1+ 42. Kh2 Rb4 43. Rxa5 Rxh4+ 44. Kg3 f4+ 45. Kf2 Bd3 46. Ra8+ Kf7 47. Rcc8 Bd4+ 48. Ke1 Be3 0-1

[Event "GER-ch U25-A"]
[Site "Willingen"]
[Date "2023.05.28"]
[Round "1"]
[White "Savchenko, Daniel"]
[Black "Hoffmann, Kay"]
[Result "1/2-1/2"]
[WhiteElo "2104"]
[BlackElo "1805"]
[PlyCount "86"]
[EventDate "2023.05.27"]
[EventType "swiss"]
[EventRounds "9"]
[EventCountry "GER"]
[SourceTitle "CBM 214 Extra"]
[Source "ChessBase"]
[SourceDate "2023.07.31"]
[SourceVersion "1"]
[SourceVersionDate "2023.07.31"]
[SourceQuality "1"]

1. e4 e5 2. Nf3 Nf6 3. d4 Nxe4 4. Bd3 d5 5. dxe5 Nc5 6. Be2 Be7 7. Nbd2 0-0 8. Nf1 c6 9. Ng3 Qc7 10. b3 Bg4 11. Bb2 Nbd7 12. Qd4 Bxf3 13. gxf3 Ne6 14. Qg4 Nxe5 15. Qf5 Bb4+ 16. c3 Nd4 17. Qb1 Nexf3+ 18. Kd1 Nxe2 19. Nxe2 Bd6 20. Qf5 Nh4 21. Qg4 Ng6 22. Nd4 Rae8 23. h4 Re4 24. Qg2 Nf4 25. Qf3 Be5 26. Nf5 Bf6 27. Ng3 Rd8 28. Kc2 Re6 29. Bc1 Be5 30. Re1 Bd6 31. Rg1 Rde8 32. Bxf4 Bxf4 33. Nh5 Re2+ 34. Kb1 Re1+ 35. Rxe1 Rxe1+ 36. Kb2 Rxa1 37. Kxa1 Be5 38. Ng3 h6 39. Nf5 Qa5 40. Kb2 b5 41. Ne7+ Kh8 42. Nxc6 Qc7 43. Qxd5 Bf6 1/2-1/2

[Event "GER-ch Youth-A"]
[Site "Willingen"]
[Date "2022.06.11"]
[Round "9"]
[White "Weigand, Anton"]
[Black "Savchenko, Daniel"]
[Result "1/2-1/2"]
[WhiteElo "1872"]
[BlackElo "2134"]
[PlyCount "45"]
[EventDate "2022.06.04"]
[EventType "swiss"]
[EventRounds "9"]
[EventCountry "GER"]
[SourceTitle "CBM 208 Extra"]
[Source "ChessBase"]
[SourceDate "2022.07.31"]
[SourceVersion "1"]
[SourceVersionDate "2022.07.31"]
[SourceQuality "1"]

1. e4 c5 2. c3 d5 3. exd5 Qxd5 4. d4 Nf6 5. Nf3 e6 6. Na3 Nc6 7. Nb5 Qd8 8. dxc5 Bxc5 9. Qxd8+ Kxd8 10. Bg5 a6 11. 0-0-0+ Ke7 12. Nbd4 Nxd4 13. Nxd4 Bd7 14. Be2 Bxd4 15. Rxd4 Bc6 16. f3 Rhd8 17. Rhd1 Rxd4 18. Rxd4 h6 19. Bh4 g5 20. Bf2 Nd5 21. g3 e5 22. Rd1 f5 23. c4 1/2-1/2

[Event "Dortmund Sparkassen op 47th"]
[Site "Dortmund"]
[Date "2019.07.18"]
[Round "6"]
[White "Savchenko, Daniel"]
[Black "Zweschper, Erich"]
[Result "1-0"]
[WhiteElo "2168"]
[BlackElo "2031"]
[PlyCount "85"]
[EventDate "2019.07.13"]
[EventType "swiss"]
[EventRounds "9"]
[EventCountry "GER"]
[SourceTitle "EXT 2020"]
[Source "ChessBase"]
[SourceDate "2019.10.17"]
[SourceVersion "1"]
[SourceVersionDate "2019.10.17"]
[SourceQuality "1"]

1. e4 d6 2. d4 g6 3. h4 Nf6 4. Nc3 c6 5. Bc4 b5 6. Bd3 a6 7. Bg5 Nbd7 8. a3 Bg7 9. Nge2 h6 10. Bxf6 Nxf6 11. Qd2 Qc7 12. 0-0-0 a5 13. e5 dxe5 14. dxe5 Ng4 15. Nxb5 Qb6 16. Be4 Nxe5 17. Qd4 c5 18. Bc6+ Nxc6 19. Qxg7 Rf8 20. Nec3 Be6 21. a4 Na7 22. Qe5 Nxb5 23. Nxb5 Rc8 24. Rhe1 Rg8 25. f4 Kf8 26. g4 Qb8 27. Qe3 Bxg4 28. Qxe7+ Kg7 29. Rd6 Rgf8 30. Rg1 h5 31. f5 Bxf5 32. Rg5 Rfe8 33. Qf6+ Kf8 34. Kb1 Rcd8 35. Rxf5 gxf5 36. Qh6+ Ke7 37. Re6+ Kd7 38. Rf6 Qe5 39. Rxf7+ Re7 40. Rf6 Rde8 41. Ra6 Rc8 42. Rd6+ Ke8 43. Qg6+ 1-0

[Event "GER-ch U25-A"]
[Site "Willingen"]
[Date "2019.06.14"]
[Round "8"]
[White "Savchenko, Daniel"]
[Black "Kotyk, Michael"]
[Result "1-0"]
[WhiteElo "2119"]
[BlackElo "1966"]
[PlyCount "119"]
[EventDate "2019.06.08"]
[EventType "swiss"]
[EventRounds "9"]
[EventCountry "GER"]
[SourceTitle "CBM 191 Extra"]
[Source "ChessBase"]
[SourceDate "2019.09.30"]
[SourceVersion "1"]
[SourceVersionDate "2019.09.30"]
[SourceQuality "1"]

1. e4 e5 2. Nf3 Nc6 3. Bb5 a6 4. Ba4 b5 5. Bb3 Na5 6. c3 Nxb3 7. Qxb3 d6 8. d4 Bb7 9. 0-0 Nf6 10. Nbd2 Nxe4 11. Nxe4 Bxe4 12. Ng5 Bg6 13. Qd5 Be7 14. Qc6+ Kf8 15. dxe5 h6 16. Nf3 Kg8 17. Bf4 Rb8 18. Qxa6 Rb6 19. Qa7 Be4 20. exd6 Bxd6 21. Bxd6 Qxd6 22. Rad1 Qf4 23. Nd4 Bb7 24. f3 Kh7 25. Qa3 Ra8 26. Qb3 Kg8 27. a3 Qg5 28. Qc2 c5 29. Nf5 g6 30. Ng3 Re8 31. Qf2 Kg7 32. Rd7 Re7 33. Rxe7 Qxe7 34. Re1 Qd6 35. Qe2 c4 36. Qf2 Qd8 37. Ne2 Qd2 38. Kf1 Rd6 39. Nd4 Qg5 40. Qe2 Qf6 41. Qe5 Rd5 42. Qc7 Ba6 43. Re6 Qg5 44. f4 Qh5 45. Rxa6 Rxd4 46. cxd4 Qd1+ 47. Kf2 Qxd4+ 48. Kg3 Qe3+ 49. Kh4 g5+ 50. Kg4 Qe2+ 51. Kf5 Qd3+ 52. Ke5 Qe3+ 53. Kd5 Qd2+ 54. Kc6 Qxg2+ 55. Kb6 Qf2+ 56. Kb7 Qf3+ 57. Qc6 Qh5 58. Qf6+ Kh7 59. fxg5 hxg5 60. Ra8 1-0

[Event "Oberliga NRW 1819"]
[Site "Germany"]
[Date "2018.11.18"]
[Round "3.7"]
[White "Yilmaz, Ahmet1"]
[Black "Savchenko, Daniel"]
[Result "1-0"]
[WhiteElo "1899"]
[BlackElo "2141"]
[PlyCount "137"]
[EventDate "2018.09.16"]
[EventType "team-tourn"]
[EventRounds "9"]
[EventCountry "GER"]
[SourceTitle "EXT 2020"]
[Source "ChessBase"]
[SourceDate "2019.10.17"]
[SourceVersion "1"]
[SourceVersionDate "2019.10.17"]
[SourceQuality "1"]
[WhiteTeam "Gerresheim"]
[BlackTeam "Wuppertal Bahn"]
[WhiteTeamCountry "GER"]
[BlackTeamCountry "GER"]

1. e4 c5 2. Nf3 e6 3. d3 d5 4. Nbd2 Nf6 5. g3 b5 6. Bg2 Bb7 7. 0-0 Be7 8. e5 Nfd7 9. Re1 Nc6 10. Nf1 Qc7 11. Bf4 Rc8 12. h4 d4 13. a3 Nb6 14. N1h2 0-0 15. Ng5 Bxg5 16. hxg5 Ne7 17. Qh5 Bxg2 18. Kxg2 Nbd5 19. Ng4 Ng6 20. Re4 f5 21. gxf6 gxf6 22. Bd2 f5 23. Nh6+ Kh8 24. Ree1 f4 25. Re4 Qg7 26. Ng4 Qb7 27. Kh2 Rf5 28. Qh6 Rcf8 29. Rh1 fxg3+ 30. Kxg3 Rf3+ 31. Kg2 Qf7 32. Rf1 Qf5 33. Bg5 Rg8 34. Rh1 Qf7 35. Kg1 Rf5 36. Kf1 Ne3+ 37. Nxe3 Rxf2+ 38. Ke1 dxe3 39. Bf6+ Rxf6 40. exf6 Nf8 41. Rf1 Rg2 42. Rxe3 Nd7 43. Re2 Rg6 44. Qh4 e5 45. Rh2 c4 46. dxc4 bxc4 47. Rd2 c3 48. bxc3 Nf8 49. Qh2 Qc7 50. Rd3 Rg4 51. Qh6 Qb8 52. Qh3 Rg6 53. Kd2 e4 54. Rd4 Rg3 55. Qh6 e3+ 56. Kc1 e2 57. Re1 Rg6 58. Qf4 Qc8 59. Qe5 Qxc3 60. f7+ Rg7 61. Rxe2 Qxa3+ 62. Kd2 Qf3 63. Rf4 Qc6 64. Qe7 Qd5+ 65. Kc1 Qa8 66. Qe8 Rg1+ 67. Re1 Rxe1+ 68. Qxe1 Qb8 69. Rg4 1-0

[Event "Dortmund Sparkassen op-A 46th"]
[Site "Dortmund"]
[Date "2018.07.21"]
[Round "8"]
[White "Savchenko, Daniel"]
[Black "Gallasch, Jonas"]
[Result "0-1"]
[WhiteElo "2165"]
[BlackElo "1903"]
[PlyCount "90"]
[EventDate "2018.07.14"]
[EventType "swiss"]
[EventRounds "9"]
[EventCountry "GER"]
[SourceTitle "CBM 185 Extra"]
[Source "ChessBase"]
[SourceDate "2018.07.29"]
[SourceVersion "1"]
[SourceVersionDate "2018.07.29"]
[SourceQuality "1"]

1. e4 c6 2. d4 d5 3. Nc3 dxe4 4. Nxe4 Bf5 5. Ng3 Bg6 6. h4 h6 7. f4 e6 8. Nf3 Nd7 9. h5 Bh7 10. Bd3 Bxd3 11. Qxd3 Qc7 12. Bd2 Ngf6 13. 0-0-0 0-0-0 14. Ne5 Nxe5 15. fxe5 Nd5 16. Kb1 c5 17. dxc5 Bxc5 18. Ne4 Be7 19. Qg3 Rhg8 20. Qf2 Qxe5 21. Rhe1 Qxh5 22. Qxa7 Nc7 23. Kc1 Qb5 24. Rf1 f6 25. Kb1 Qc4 26. Qe3 Nd5 27. Qf3 Rd7 28. Bc1 Rgd8 29. Rd3 Kb8 30. Nd2 Qa4 31. Rb3 Rc8 32. c3 Qc6 33. Re1 e5 34. Re4 Nb6 35. Qg4 Bf8 36. a4 Rcd8 37. a5 Nc8 38. Qe2 Rxd2 39. Bxd2 Rxd2 40. Qg4 h5 41. Qh4 Qd5 42. Ka2 g5 43. Qe1 Qxa5+ 44. Kb1 Qd5 45. Ka2 Rd1 0-1

[Event "GER-ch U25-A"]
[Site "Willingen"]
[Date "2018.05.25"]
[Round "8"]
[White "Savchenko, Daniel"]
[Black "Irkilmez, Yakub"]
[Result "1/2-1/2"]
[WhiteElo "2097"]
[BlackElo "2040"]
[PlyCount "88"]
[EventDate "2018.05.19"]
[EventType "swiss"]
[EventRounds "9"]
[EventCountry "GER"]
[SourceTitle "CBM 184 Extra"]
[Source "ChessBase"]
[SourceDate "2018.06.28"]
[SourceVersion "1"]
[SourceVersionDate "2018.06.28"]
[SourceQuality "1"]

1. e4 e6 2. d4 d5 3. Nd2 Nf6 4. e5 Nfd7 5. Bd3 c5 6. c3 b5 7. Ne2 b4 8. 0-0 Ba6 9. Bxa6 Nxa6 10. f4 Be7 11. f5 Nc7 12. Kh1 bxc3 13. bxc3 cxd4 14. cxd4 0-0 15. Ng3 f6 16. Nf3 Nb6 17. Qe1 fxe5 18. Nxe5 Bh4 19. Ba3 Re8 20. f6 gxf6 21. Ng4 Kh8 22. Nxf6 Bxf6 23. Nh5 Nc4 24. Rxf6 Rg8 25. Bc5 Rb8 26. Rc1 Rb2 27. g3 Qe8 28. Nf4 Rxa2 29. Rxc4 dxc4 30. Qe5 Qc6+ 31. d5 Re2 32. Qxe2 Nxd5 33. Qe4 Qxc5 34. Qe5 Qe3 35. Qxe3 Nxe3 36. Rxe6 Ng4 37. Kg2 c3 38. Rc6 c2 39. h3 Ne3+ 40. Kf3 Nf5 41. Ne2 Re8 42. Rc3 Rf8 43. Ke4 Re8+ 44. Kf3 Rf8 1/2-1/2

[Event "GER-ch U25-A"]
[Site "Willingen"]
[Date "2018.05.22"]
[Round "4"]
[White "Savchenko, Daniel"]
[Black "Krause, Benedict"]
[Result "1-0"]
[WhiteElo "2097"]
[BlackElo "2446"]
[PlyCount "89"]
[EventDate "2018.05.19"]
[EventType "swiss"]
[EventRounds "9"]
[EventCountry "GER"]
[SourceTitle "CBM 184 Extra"]
[Source "ChessBase"]
[SourceDate "2018.06.28"]
[SourceVersion "1"]
[SourceVersionDate "2018.06.28"]
[SourceQuality "1"]

1. e4 c5 2. Nf3 e6 3. d4 cxd4 4. Nxd4 Nc6 5. Nc3 Qc7 6. Be3 a6 7. Qf3 Bd6 8. 0-0-0 Be5 9. g3 Nge7 10. Qe2 b5 11. f4 Bxd4 12. Bxd4 Nxd4 13. Rxd4 Rb8 14. Bg2 b4 15. Na4 0-0 16. Rhd1 a5 17. Qc4 Rb7 18. Qxc7 Rxc7 19. Nb6 Rd8 20. Rd6 Kf8 21. Bf1 h6 22. Bb5 g5 23. Nxd7+ Bxd7 24. Rxd7 Rdxd7 25. Rxd7 Rc5 26. Bd3 gxf4 27. gxf4 Ng6 28. f5 Ne5 29. Rd4 Nxd3+ 30. Rxd3 exf5 31. Rd5 Rc4 32. exf5 a4 33. f6 Kg8 34. Rf5 Kh7 35. Rf3 Kg6 36. b3 axb3 37. axb3 Rc6 38. Rf4 Rb6 39. h4 h5 40. Kb2 Rxf6 41. Rxf6+ Kxf6 42. c3 bxc3+ 43. Kxc3 Ke5 44. Kd3 f5 45. Ke3 1-0

[Event "GER-chT U20"]
[Site "Duesseldorf"]
[Date "2017.12.28"]
[Round "4.1"]
[White "Degenhard, Simon"]
[Black "Savchenko, Daniel"]
[Result "1-0"]
[WhiteElo "2183"]
[BlackElo "2080"]
[PlyCount "91"]
[EventDate "2017.12.27"]
[EventType "team-swiss"]
[EventRounds "7"]
[EventCountry "GER"]
[SourceTitle "CBM 182 Extra"]
[Source "ChessBase"]
[SourceDate "2018.02.23"]
[SourceVersion "1"]
[SourceVersionDate "2018.02.23"]
[SourceQuality "1"]
[WhiteTeam "Heilbronn U20"]
[BlackTeam "Duesseldorf U20"]
[WhiteTeamCountry "GER"]
[BlackTeamCountry "GER"]

1. d4 Nf6 2. Nf3 g6 3. c4 Bg7 4. Nc3 d6 5. Bg5 0-0 6. e3 Nbd7 7. Qc2 c6 8. Rd1 Qc7 9. Be2 Re8 10. h3 e5 11. 0-0 exd4 12. exd4 Nb6 13. Bd3 Be6 14. b3 a6 15. Bf4 Rad8 16. Ng5 Nh5 17. Nxe6 Rxe6 18. Be3 Rde8 19. Qd2 f5 20. d5 R6e7 21. Bg5 Re5 22. dxc6 bxc6 23. Be2 f4 24. Bxh5 Rxg5 25. Bf3 Rf5 26. Qd3 Rd8 27. Rfe1 Rff8 28. h4 Be5 29. h5 Qg7 30. Ne4 g5 31. c5 g4 32. cxb6 gxf3 33. Qxf3 Kh8 34. Rd3 Qe7 35. Nd2 d5 36. Qe2 Rde8 37. Nf3 Rf5 38. h6 Qd6 39. Rdd1 Rh5 40. Nxe5 Rhxe5 41. Qb2 Kg8 42. Rxe5 Rxe5 43. Qc3 c5 44. b7 Qc7 45. b8Q+ Qxb8 46. Rxd5 1-0

[Event "GER-ch U16"]
[Site "Willingen"]
[Date "2017.06.04"]
[Round "1"]
[White "Savchenko, Daniel"]
[Black "Engel, Luis"]
[Result "0-1"]
[WhiteElo "2039"]
[BlackElo "2304"]
[PlyCount "64"]
[EventDate "2017.06.04"]
[EventType "swiss"]
[EventRounds "9"]
[EventCountry "GER"]
[SourceTitle "CBM 178 Extra"]
[Source "ChessBase"]
[SourceDate "2017.06.22"]
[SourceVersion "1"]
[SourceVersionDate "2017.06.22"]
[SourceQuality "1"]

1. e4 c5 2. Nf3 d6 3. d4 cxd4 4. Nxd4 Nf6 5. Nc3 a6 6. Be2 e5 7. Nb3 Be7 8. f4 Nc6 9. g4 h6 10. f5 b5 11. Bf3 Bb7 12. Be3 Na5 13. Nxa5 Qxa5 14. Qd3 b4 15. Nd5 Bxd5 16. exd5 e4 17. Bxe4 Nxg4 18. Bd4 Bh4+ 19. Ke2 Nf6 20. Rhg1 0-0 21. Bf3 Bg5 22. Rxg5 hxg5 23. Rg1 Rfe8+ 24. Kf2 Qd8 25. Kf1 Nd7 26. h4 g4 27. Qd2 Ne5 28. Bxg4 Qxh4 29. Bf2 Qf6 30. Bd4 Rac8 31. c3 bxc3 32. Bxc3 Nc4 0-1